Clùsulas limitativas de derechos y delimitadoras del riesgo en el contrato de seguro

Detalles Bibliográficos
Autor principal: Guisasola Paredes, Aitor
Formato: Desconocido
Lenguaje:español
Publicado: Madrid: Edersa, 2000
Colección:Cuadernos mercantiles (Editoriales de Derecho Reunidas)
Materias:
Acceso en línea:Acceso restringido

MARC

LEADER 00000ny a22000003n 4500
005 20110623173026.0
008 080508t2000 sp s 000 0 spa c
020 |a 978-84-7130-976-1 
035 |a 1592 
040 |a UMA.RE  |d vlex 
080 |a 347.764(460)(0.034) 
080 |a 368(460)(0.034) 
090 |c 1089  |d 1089 
100 1 |a Guisasola Paredes, Aitor 
245 1 0 |a Clùsulas limitativas de derechos y delimitadoras del riesgo en el contrato de seguro  |h [Recurso electrn̤ico]  |c Aitor Guisasola Paredes 
256 |a Servicio en ln̕ea 
260 |a Madrid:  |b Edersa,  |c 2000 
490 1 |a Cuadernos mercantiles;  |v 2 
506 1 |a Contenido solo disponible en los productos indicados  |d vLex Global  |d vLex Global (Academic Edition, excluding Law Schools)  |d vLex Global (U.S. Academic Edition, Law Schools)  |d vLex Global (U.S. Academic Edition, excluding Law Schools)  |d vLex Global (Academic Edition, Law Schools) 
650 0 7 |a Seguros  |2 Tesauro vLex 
650 0 7 |a Mercantil  |2 Tesauro vLex 
650 0 7 |a Derecho de los seguros  |2 Tesauro vLex 
650 0 7 |a Contratos de seguros  |2 Tesauro vLex 
650 0 7 |a Clùsula de franquicia  |2 Tesauro vLex 
650 0 7 |a Clùsula de riesgos extraordinarios  |2 Tesauro vLex 
740 0 |a vLex Libros (Servicios en ln̕ea) 
830 0 |a Cuadernos mercantiles (Editoriales de Derecho Reunidas) 
856 4 0 |u http://vlex.com/source/1592  |z Acceso restringido 
942 |c BOOK 
999 0 4 |a Seguro  |z Espaą  |v En ln̕ea 
999 0 4 |v En ln̕ea